| 000 | 00399nam a2200157Ia 4500 | ||
|---|---|---|---|
| 008 | 230718s9999 xx 000 0 und d | ||
| 041 | _aeng | ||
| 082 |
_a658 _bHAM |
||
| 100 |
_aHamm M _9128469 |
||
| 245 | _aChicken Soup For The Preteen Soul | ||
| 260 |
_c2001 _bWestland Books |
||
| 300 | _a386 | ||
| 365 |
_cRs. _b195.00 |
||
| 700 |
_aHamm M _9128469 |
||
| 906 |
_dB:173109-Nov-2001 _cMGMT _b29.25 |
||
| 999 |
_c302202 _d302202 |
||